Capitales commençant et se terminant par une voyelle - Statistiques

Statistiques générales
  • Ce quiz a été pris 470 fois
  • Le résultat moyen est 7 sur 13
Statistiques - réponses
Capitales % Correct
Oslo
74%
Ankara
64%
Ottawa
60%
Accra
53%
Antananarivo
53%
Asmara
53%
Astana
53%
Abuja
51%
Addis-Abeba
50%
Andorre-la-Vieille
47%
Apia
47%
Ouagadougou
38%
Abou Dabi
37%
Aucun quiz correspondant
Distribution des résultats
% des personnes avec chaque résultat
Percentile par nombre de réponses
Votre historique - résultats
Vous n’avez pas pris ce quiz